| 000 | 00975nas a2200325 4500 | ||
|---|---|---|---|
| 001 | BR0102682 | ||
| 003 | BR-BrBNA | ||
| 005 | 20231205102254.0 | ||
| 007 | ta | ||
| 008 | 230509b bl.|||p| |||| 00| 00por d | ||
| 040 |
_aBR-BrBNA _bpor _cBiblioteca Nacional de Agricultura |
||
| 041 | _a(Pt) | ||
| 072 | _aL70; L74 | ||
| 100 | 1 | _aScarpelli, L.C. | |
| 100 | 1 | _aBelo, M.A.A. | |
| 100 | 1 | _aSouza, L.M. | |
| 100 | 1 | _aSabatini, G.A. | |
| 100 | 1 | _aCosta, A.J. | |
| 100 | 1 | _aMoraes, F.R. | |
| 245 | 1 | _aParametros hematologicos e bioquimicos de bovinos submetidos a diferentes doses de sulfoxido de albendazole, ivermectin e abamectin | |
| 650 | _aBovino | ||
| 650 | _aMedicamento | ||
| 650 | _aToxidez | ||
| 650 | _aBioquimica Animal | ||
| 650 | _aHematologia | ||
| 650 | _aVeterinaria | ||
| 773 | 0 |
_tARS Veterinaria (Brazil) _xISSN 0102-6380 _g(Dec 1999), v. 15(supl.) p. 50-56 _wBR0102682 |
|
| 909 |
_a202311 _bLúcia _c55 _dLúcia Elande |
||
| 942 |
_2AGRIS _n0 _cANA |
||
| 999 |
_c166696 _d166696 |
||